Pub Youtube avec Frank Leboeuf (au secours) - Statistiques

Statistiques générales
  • Ce quiz a été pris 1 028 fois
  • Le résultat moyen est 29 sur 57
Statistiques - réponses
Pub avec Frank Leboeuf qui nous hante tous sur Youtube % Correct
.fr!
94%
.fr!
94%
voiture?
92%
voiture
92%
voiture
92%
voiture
92%
votre
90%
votre
90%
votre
90%
votre
90%
votre
90%
votre
90%
vendez
85%
vendez
85%
vendez
85%
c'est
84%
Frank
84%
Leboeuf!
83%
Salut
83%
Vous
83%
voulez
75%
sur
70%
sur
70%
Allez
59%
combien
52%
savoir
52%
vaut
50%
de
45%
de
45%
de
45%
de
45%
de
45%
et
31%
Et
31%
prix
31%
prix
31%
les
26%
véhicule,
25%
vente!
22%
vente
22%
une
21%
Rentrez
16%
tout...
16%
simplement
15%
dans
14%
son
14%
nos
13%
On
13%
détails
12%
obtenez
12%
rapidement
12%
recevez
12%
agences!
11%
Mon
11%
s'occupe
11%
conseil:
8%
ensuite
8%
Aucun quiz correspondant
Distribution des résultats
% des personnes avec chaque résultat
Percentile par nombre de réponses
Votre historique - résultats
Vous n’avez pas pris ce quiz